000
00333nam a2200145Ia 4500
008
150201s2003 xx 000 0 und d
082
_a
603
_b
P2003C
100
_a
LAXMI CHAND
245
_a
POCKET DENTAL DICTIONARY
250
_a
1ST
260
_b
AITBS
_a
DELHI
_c
2003
300
_a
1-553
650
_a
DICTIONARIES
942
_2
ddc
_c
BK
999
_c
2718
_d
2718